Euskaldunak munduan. Vascos en el mundo 4
Furkejuvvon:
| Materiálatiipa: | Girji |
|---|---|
| Giella: | espánnjágiella |
| Almmustuhtton: |
San Sebastián
Eusko Jaurlaritza
2003
|
| Fáttát: | |
| Fáddágilkorat: |
Lasit fáddágilkoriid
Eai fáddágilkorat, Lasit vuosttaš fáddágilkora!
|
MARC
| LEADER | 00000nam a2200000 a 4500 | ||
|---|---|---|---|
| 001 | UCL6338 | ||
| 003 | CL-VaPUC | ||
| 008 | 040402e20030000sp |||||||||||||||||spa|d | ||
| 020 | |a 8445719440 | ||
| 082 | 0 | 4 | |a 303.482 |b EUS |2 21 |
| 245 | 1 | 0 | |a Euskaldunak munduan. Vascos en el mundo 4 |
| 300 | |a 484 p | ||
| 942 | |c BK | ||
| 945 | |d 20040402 00:00:00 |a cmena | ||
| 260 | |a San Sebastián |b Eusko Jaurlaritza |c 2003 | ||
| 500 | |a Incluye: | ||
| 500 | |a El cuadro que Picasso no pintó, de Iñaki de Arza y Bernaola | ||
| 500 | |a La Virgen del San Francisco, de Alberto Marcelo Irigoyen Artexte | ||
| 500 | |a Emociones, de Arantxa Ugartetxea Arrieta | ||
| 600 | 0 | 7 | |a COMUNIDAD VASCA |2 CL-VaPUC |9 483988 |
| 650 | 0 | |a Influencia social |9 309315 | |
| 650 | 0 | |a Emigración |9 343094 | |
| 650 | 0 | |a Cambio social |9 256857 | |
| 650 | 0 | |a Costumbres y tradiciones |9 268292 | |
| 650 | 0 | |a Desarrollo económico y social |9 256320 | |
| 583 | |a last modification |c 20150507 04:18:57 |k Rodrigo Vera | ||
| 999 | |c 308451 |d 308449 | ||
| 952 | |0 0 |1 0 |4 0 |6 303_482000000000000_EUS_2003 |7 0 |8 A |9 374980 |a BIBHIS |b BIBHIS |d 2019-11-21 |i 3987906 |o 303.482 EUS 2003 |p 3987906 |r 2025-01-20 |w 2019-11-21 |y BK |k HIS | ||